000
00198 a2200097 4500
020
_a
9781598209679
041
_a
spa
100
_a
Canfield, Jack
245
_a
Sopa de pollo para el alma
942
_c
BK
999
_c
13036
_d
13036